Innovation at the cutting edge: The experience of three major infrastructure projects. (Record no. 101050)

MARC details
000 -LEADER
fixed length control field 00782cam a2200277 4500
008 - FIXED-LENGTH DATA ELEMENTS--GENERAL INFORMATION
fixed length control field 000000n2000 000 0 eng u
020 ## - INTERNATIONAL STANDARD BOOK NUMBER
International Standard Book Number 0860175480
035 ## - SYSTEM CONTROL NUMBER
System control number (Sirsi) u110102
050 ## - LIBRARY OF CONGRESS CALL NUMBER
Classification number 658.404
100 ## - MAIN ENTRY--PERSONAL NAME
Personal name Thomas, Gareth
245 ## - TITLE STATEMENT
Title Innovation at the cutting edge: The experience of three major infrastructure projects.
260 ## - PUBLICATION, DISTRIBUTION, ETC.
Place of publication, distribution, etc. London
Name of publisher, distributor, etc. CIRIA
Date of publication, distribution, etc. 2000
300 ## - PHYSICAL DESCRIPTION
Extent 76p. ; 30cm.
350 ## - PRICE (NR) (BK AM CF MU VM SE) [OBSOLETE]
Price 35.00
490 ## - SERIES STATEMENT
Series statement CIRIA
Volume/sequential designation C548
650 ## - SUBJECT ADDED ENTRY--TOPICAL TERM
Topical term or geographic name entry element SUPPLY CHAIN MANAGEMENT
650 ## - SUBJECT ADDED ENTRY--TOPICAL TERM
Topical term or geographic name entry element VALUE MANAGEMENT
650 ## - SUBJECT ADDED ENTRY--TOPICAL TERM
Topical term or geographic name entry element PARTNERING
650 ## - SUBJECT ADDED ENTRY--TOPICAL TERM
Topical term or geographic name entry element RISK MANAGEMENT
650 ## - SUBJECT ADDED ENTRY--TOPICAL TERM
Topical term or geographic name entry element VALUE ENGINEERING
650 ## - SUBJECT ADDED ENTRY--TOPICAL TERM
Topical term or geographic name entry element EGAN REFORMS
650 ## - SUBJECT ADDED ENTRY--TOPICAL TERM
Topical term or geographic name entry element MANAGEMENT-PROJECT MANAGEMENT
690 ## - LOCAL SUBJECT ADDED ENTRY--TOPICAL TERM (OCLC, RLIN)
Topical term or geographic name as entry element BUILDING AND CONSTRUCTION-MANAGEMENT
700 ## - ADDED ENTRY--PERSONAL NAME
Personal name Bone, Roger
942 ## - ADDED ENTRY ELEMENTS (KOHA)
Suppress in OPAC 0
Holdings
Withdrawn status Lost status Source of classification or shelving scheme Damaged status Not for loan Home library Current library Shelving location Date acquired Cost, normal purchase price Total Checkouts Full call number Barcode Date last seen Date last checked out Copy number Cost, replacement price Price effective from Koha item type
    Dewey Decimal Classification     London London Folio 03/01/2001 35.00 5 F658.404 THO 30063142 06/08/2019 05/08/2003 1 35.00 06/08/2019 Book